مكتبة جامعة عجلون الوطنية

فهرس بحث المكتبة

الشيخ أحمد رضا والفكر العاملي (Record no. 4198)

MARC details
000 -LEADER
fixed length control field 00830nam a2200205Ii 4500
003 - CONTROL NUMBER IDENTIFIER
control field JO-AjNU
008 - FIXED-LENGTH DATA ELEMENTS--GENERAL INFORMATION
fixed length control field 230605s9999||||xx |||||||||||||| ||und||
040 ## - CATALOGING SOURCE
Original cataloging agency JO-AjNU
Language of cataloging ara
Description conventions rda
Transcribing agency JO-AjNU
041 ## - LANGUAGE CODE
Language code of text/sound track or separate title ara
050 14 - LIBRARY OF CONGRESS CALL NUMBER
Classification number DS87.2.A35.T3736 1983
100 3# - MAIN ENTRY--PERSONAL NAME
Personal name تاليف ترحيني، فايز؛ تقديم الكك، فيكتور,
Relator term author
9 (RLIN) 8125
245 00 - TITLE STATEMENT
Title الشيخ أحمد رضا والفكر العاملي
250 ## - EDITION STATEMENT
Edition statement ط1
264 31 - PRODUCTION, PUBLICATION, DISTRIBUTION, MANUFACTURE, AND COPYRIGHT NOTICE
Place of production, publication, distribution, manufacture بيروت: منشورات الافاق الجديدة، 1983
300 ## - PHYSICAL DESCRIPTION
Extent 178ص
Other physical details يشتمل على ملاحق
336 ## - CONTENT TYPE
Content type term text
Content type code txt
Source rdacontent
337 ## - MEDIA TYPE
Media type term unmediated
Media type code n
Source rdamedia
338 ## - CARRIER TYPE
Carrier type term volume
Carrier type code nc
Source rdacarrier
650 #4 - SUBJECT ADDED ENTRY--TOPICAL TERM
Topical term or geographic name entry element الادباء اللبنانيون- تراجم ، احمد رضا، احمد رضا بن ابراهيم بن حسين 1289-1370ه
9 (RLIN) 8126
Holdings
Withdrawn status Lost status Source of classification or shelving scheme Damaged status Not for loan Home library Current library Shelving location Date acquired Total Checkouts Full call number Barcode Date last seen Price effective from Koha item type
    Library of Congress Classification     مكتبة جامعة عجلون الوطنية مكتبة جامعة عجلون الوطنية المجموعات العامة 06/06/2023   DS87.2.A35.T3736 1983 A630 06/06/2023 06/06/2023 Books